| 000 | 00388nam a2200169Ia 4500 | ||
|---|---|---|---|
| 999 |
_c1492 _d1492 |
||
| 003 | OSt | ||
| 005 | 20190913111031.0 | ||
| 008 | 190723s9999 xx 000 0 und d | ||
| 020 | _a978-0-07-067120-1. | ||
| 040 | _cmaju | ||
| 100 | _aPeter Norton | ||
| 245 | 0 | _aIntroduction to Computers | |
| 250 | _a7th | ||
| 260 |
_aIndia _bMcGraw Hill _c2017 |
||
| 300 | _a628 | ||
| 942 |
_cBK _2ddc |
||